Statistics for Teams Desean Jackson Has Played For

Click here to take the quiz!

General Stats

  • This quiz has been taken 5 times
  • The average score is 5 of 6

Answer Stats

HintAnswer% Correct
2008-2014Eagles
100%
2019-2020Eagles
100%
2017-2018Buccaneers
80%
2022Ravens
80%
2021Raiders
60%
2014-2016Redskins
60%

Score Distribution

Percentile by Number Answered

Percent of People with Each Score

Your Score History

You have not taken this quiz